| 000 | 00000nam##2200000za#4500 |
| 001 | 9.695420 |
| 003 | CaOODSP |
| 005 | 20210624234552 |
| 007 | cr ||||||||||| |
| 008 | 150407|1999||||xxc|||||o f|0| 0 eng|d |
| 040 | |aCaOODSP|beng |
| 043 | |an-cn--- |
| 086 | 1 |aH49-134/1999E-PDF |
| 110 | 1 |aCanada. |bHealth Canada. |
| 245 | 10|aCanadian adult and youth opinions on the sizing of health warning messages / |h[electronic resource]|cprepared for Health Canada, Office for Tobacco Control ; prepared by Environics Research Group. |
| 260 | |bHealth Canada |cOctober 1999. |
| 300 | |a50p. |
| 500 | |aContents: General smoking behaviour.--Health-related attitudes and behaviours.--Current health warning messages.--Testing of sizes of health warning messages.--Methodology. |
| 590 | |a12-15-Supp|b2012-04-13 |
| 690 | 07|aSmoking|2gcpds |
| 690 | 07|aBehaviour|2gcpds |
| 690 | 07|aPackaging|2gcpds |
| 710 | 2 |aEnvironics Research Group. |
| 776 | 0#|tCanadian adult and youth opinions on the sizing of health warning messages / |w(CaOODSP)9.647698 |
| 856 | 40|ahttp://publications.gc.ca|qPDF|s155 KB|uhttps://publications.gc.ca/collections/Collection/H49-134-1999E.pdf |
| 986 | |aHC-003-155-9925 ; H4097-9-0017/001/CB |